01651 a2200217 4500020002700000020003000027082000800057090001500065100002100080245010500101260004600206300002100252490007700273520077900350700002001129830007701149856008201226942002101308999001901329952008501348 a0890069263 (hardcover) a9780890069264 (hardcover)04a658 c5140d51401 aDurham, Kenneth.14aThe new high-tech manager six rules for success in changing times /cKenneth Durham, Bruce Kennedy. a[S.l.] :bArtech House Publishers,c1997. a220 p. ;c24 cm.1 aArtech house technology management and professional development library. aThe New High-Tech Manager: Six Rules for Success in Changing Times helps current and aspiring high-technology executives "get back to management basics" and rediscover the solid, timeless leadership skills needed to successfully lead a business into the next century. The book shows how to combine proven-under-fire management methods with technical training, why management fads and "quick fix" remedies just don't work, and provides six fundamental guidelines to follow for effective management: profit fixation; technical literacy; change dynamics insight; policy and procedure comprehension; decision theory knowledge; and character duality. The book is filled with helpful tips on how managers can use these six principles in solving everyday problems in the workplace.1 aKennedy, Bruce. 0aArtech house technology management and professional development library.403Amazon.comuhttp://www.amazon.com/exec/obidos/ASIN/0890069263/chopaconline-20 aNBScBKk658 DUR c347560d347560 00104070aCLbCLd2013-08-28l0o658 DURpNBSD-363r2016-05-18w2013-08-28yBK